<?xml version="1.0" encoding="UTF-8"?>
<record
    xmlns:xsi="http://www.w3.org/2001/XMLSchema-instance"
    xsi:schemaLocation="http://www.loc.gov/MARC21/slim http://www.loc.gov/standards/marcxml/schema/MARC21slim.xsd"
    xmlns="http://www.loc.gov/MARC21/slim">

  <leader>01492nab a2200253 uc4500</leader>
  <controlfield tag="001">585613</controlfield>
  <controlfield tag="005">20250221090805.0</controlfield>
  <controlfield tag="008">000323e19980601                    spa  </controlfield>
  <datafield tag="035" ind1=" " ind2=" ">
    <subfield code="a">585613</subfield>
  </datafield>
  <datafield tag="035" ind1=" " ind2=" ">
    <subfield code="a">(OCoLC)819825477</subfield>
  </datafield>
  <datafield tag="040" ind1=" " ind2=" ">
    <subfield code="c">comduadb</subfield>
  </datafield>
  <datafield tag="041" ind1=" " ind2=" ">
    <subfield code="a">spa</subfield>
  </datafield>
  <datafield tag="100" ind1="1" ind2="0">
    <subfield code="a">P&#xE9;rez Juste, Ram&#xF3;n</subfield>
    <subfield code="4">aut</subfield>
    <subfield code="e">aut</subfield>
    <subfield code="9">302494</subfield>
  </datafield>
  <datafield tag="245" ind1="1" ind2="3">
    <subfield code="a">Plan para la mejora de la calidad de la UNED.  Objetivos prioritarios</subfield>
  </datafield>
  <datafield tag="520" ind1="3" ind2=" ">
    <subfield code="a">El contenido de este art&#xED;culo se organiza en torno a dos grandes bloques: uno, centrado en los aspectos mas relevantes que han decidido al actual Equipo de Gobierno de la UNED a poner en marcha el plan para la mejora de la calidad de la UNED. Los motivos, fundamentos, objetivos, medios previstos y primeras iniciativas son fielmente descritos; Y otro, dirigido al an&#xE1;lisis e interpretaci&#xF3;n de los datos obtenidos en la consulta realizada a tres colectivos de la universidad: los profesores de la sede central,  los profesores tutores de los centros asociados y los alumnos.</subfield>
  </datafield>
  <datafield tag="650" ind1=" " ind2=" ">
    <subfield code="a">Educaci&#xF3;n a distancia</subfield>
    <subfield code="9">43195</subfield>
  </datafield>
  <datafield tag="650" ind1=" " ind2="7">
    <subfield code="a">Calidad de la educaci&#xF3;n superior</subfield>
    <subfield code="2"></subfield>
    <subfield code="9">43175</subfield>
  </datafield>
  <datafield tag="650" ind1=" " ind2="7">
    <subfield code="a">Comunicaci&#xF3;n</subfield>
    <subfield code="2">embne</subfield>
    <subfield code="9">1550</subfield>
  </datafield>
  <datafield tag="650" ind1=" " ind2=" ">
    <subfield code="a">M&#xE9;todo de ense&#xF1;anza integrada</subfield>
    <subfield code="9">42690</subfield>
  </datafield>
  <datafield tag="700" ind1="1" ind2="0">
    <subfield code="a">Garc&#xED;a Aretio, Lorenzo</subfield>
    <subfield code="4">aut</subfield>
    <subfield code="e">aut</subfield>
    <subfield code="9">258196</subfield>
  </datafield>
  <datafield tag="700" ind1="1" ind2="0">
    <subfield code="a">Luzon Encabo, Jose Maria</subfield>
    <subfield code="4">aut</subfield>
    <subfield code="e">aut</subfield>
    <subfield code="9">302495</subfield>
  </datafield>
  <datafield tag="773" ind1="0" ind2=" ">
    <subfield code="t">Ried : Revista Iberoamericana de Educaci&#xF3;n a Distancia (Espa&#xF1;a)</subfield>
    <subfield code="g">Volumen 01, N&#xFA;mero 01, Junio 1998, p. 87-123</subfield>
    <subfield code="w">578979</subfield>
    <subfield code="x">1138-2783</subfield>
    <subfield code="0">147114</subfield>
  </datafield>
  <datafield tag="942" ind1=" " ind2=" ">
    <subfield code="c">ARIMP</subfield>
  </datafield>
  <datafield tag="999" ind1=" " ind2=" ">
    <subfield code="c">144083</subfield>
    <subfield code="d">144083</subfield>
  </datafield>
</record>
